00621nam a2200217 a 450000100060000000300090000600800410001502000180005604000280007408200210010211000380012324500160016125000100017726000630018730000160025049000280026665000340029465000330032865000250036165000170038623966CO-ViMGA141112s2004 ck r 000 u spa d a9789589076460 aCO-ViMGAbspacCO-ViMGA04a616.12 C173 2010 aCentro cardiovascular colombiano.10aCardiologia a7 ed. aColombia : bcorporacion para Investigaciónes biologicas aXXII, 683p. aFundamentos de medicina14a2 : ENFERMEDADES DEL CORAZON 14a3 : SISTEMAS CARDIOVASCULAR 14a4 : MEDICINA INTERNA14aCARDIOLOGIA